| 000 | 00912nam a2200229 a 4500 | ||
|---|---|---|---|
| 001 | BRCA_67 | ||
| 005 | 20190320202853.0 | ||
| 008 | 921020s1992 mx-a---##b---s001-0#spa-# | ||
| 041 | _aspa | ||
| 044 | _amx | ||
| 050 | 4 |
_aNA5811.B8 _b.I43 1992 |
|
| 100 | 1 |
_aIlardia Gálligo, Magdalena _9305 |
|
| 245 | 1 | 0 |
_aLa Catedral de Burgos _buna visión del proceso constructivo y de la evolución artística _cMagdalena Ilardia Gálligo, Félix Palomero Aragón. |
| 260 |
_a[Puebla] _bGobierno del Estado de Puebla, Comisión Puebla V Centenario _c1992 |
||
| 300 |
_a239 p. _bil. (algunas a color), planos _c23 cm. |
||
| 500 | _aIncluye índice de planos, dibujos, alzados y fotografías | ||
| 504 | _aBibliografía : p. 227-236 | ||
| 650 | 1 | 4 |
_aCatedral de Burgos (España) _xHistoria _9306 |
| 651 | 4 |
_aBurgos (España) _xEdifios, estructuras, etc. _9307 |
|
| 700 | 1 |
_aPalomero Aragón, Felix _ecoaut. _9308 |
|
| 942 |
_2lcc _cB |
||
| 999 |
_c66 _d66 |
||